<?xml version="1.0" encoding="UTF-8"?>
<record
    xmlns:xsi="http://www.w3.org/2001/XMLSchema-instance"
    xsi:schemaLocation="http://www.loc.gov/MARC21/slim http://www.loc.gov/standards/marcxml/schema/MARC21slim.xsd"
    xmlns="http://www.loc.gov/MARC21/slim">

  <leader>03461pam a22004217a 4500</leader>
  <datafield tag="999" ind1=" " ind2=" ">
    <subfield code="c">330202</subfield>
    <subfield code="d">330202</subfield>
  </datafield>
  <controlfield tag="001">14049337</controlfield>
  <controlfield tag="003">NUST</controlfield>
  <controlfield tag="005">20170613125616.0</controlfield>
  <controlfield tag="008">050722s2002    enkac    b    001 0 eng  </controlfield>
  <datafield tag="010" ind1=" " ind2=" ">
    <subfield code="a">  2005279455</subfield>
  </datafield>
  <datafield tag="015" ind1=" " ind2=" ">
    <subfield code="a">GBA1-U3566</subfield>
  </datafield>
  <datafield tag="016" ind1="7" ind2=" ">
    <subfield code="a">101196217</subfield>
    <subfield code="2">DNLM</subfield>
  </datafield>
  <datafield tag="020" ind1=" " ind2=" ">
    <subfield code="a">0415269032</subfield>
  </datafield>
  <datafield tag="035" ind1=" " ind2=" ">
    <subfield code="a">(OCoLC)ocm48534147</subfield>
  </datafield>
  <datafield tag="040" ind1=" " ind2=" ">
    <subfield code="a">NLM</subfield>
    <subfield code="c">NLM</subfield>
    <subfield code="d">UKM</subfield>
    <subfield code="d">C#P</subfield>
    <subfield code="d">AGL</subfield>
    <subfield code="d">SBH</subfield>
    <subfield code="d">DLC</subfield>
  </datafield>
  <datafield tag="042" ind1=" " ind2=" ">
    <subfield code="a">nlmcopyc</subfield>
    <subfield code="a">lccopycat</subfield>
  </datafield>
  <datafield tag="050" ind1="0" ind2="0">
    <subfield code="a">QP519.9.C47</subfield>
    <subfield code="b">B55 2002</subfield>
  </datafield>
  <datafield tag="060" ind1="0" ind2="0">
    <subfield code="a">2004 H-845</subfield>
  </datafield>
  <datafield tag="060" ind1="1" ind2="0">
    <subfield code="a">QU 55</subfield>
    <subfield code="b">B6152 2002</subfield>
  </datafield>
  <datafield tag="072" ind1=" " ind2="0">
    <subfield code="a">X300</subfield>
  </datafield>
  <datafield tag="082" ind1="0" ind2="4">
    <subfield code="a">572.36 VIJ</subfield>
    <subfield code="2">21</subfield>
  </datafield>
  <datafield tag="245" ind1="0" ind2="0">
    <subfield code="a">Biochromatography :</subfield>
    <subfield code="b">theory and practice /</subfield>
    <subfield code="c">edited by M.A. Vijayalakshmi.</subfield>
  </datafield>
  <datafield tag="260" ind1=" " ind2=" ">
    <subfield code="a">London ;</subfield>
    <subfield code="a">New York :</subfield>
    <subfield code="b">Taylor &amp; Francis,</subfield>
    <subfield code="c">2002.</subfield>
  </datafield>
  <datafield tag="300" ind1=" " ind2=" ">
    <subfield code="a">xviii, 526 p. :</subfield>
    <subfield code="b">ill., port. ;</subfield>
    <subfield code="c">26 cm.</subfield>
  </datafield>
  <datafield tag="500" ind1=" " ind2=" ">
    <subfield code="a">H.B</subfield>
  </datafield>
  <datafield tag="504" ind1=" " ind2=" ">
    <subfield code="a">Includes bibliographical references and index.</subfield>
  </datafield>
  <datafield tag="505" ind1="0" ind2=" ">
    <subfield code="a">Upstream and downstream steps in biochromatography / Mookambeswaran A. Vijayalakshmi -- Gel filtration / Kjell-Ove Eriksson -- Ion exchange interaction biochromatography / E. Boschetti and P. Girot -- Hydrophobic (interaction) chromatography of proteins / Herbert P. Jennissen -- Conformational behaviour of polypeptides and proteins in reversed phase and lipophilic environments / Milton W. Hearn -- Affinity chromatography / Jaroslava Turkov&#xE1; -- Dye ligand affinity chromatography / Robert K. Scopes -- Immobilized synthetic dyes in affinity chromatography / Nikos E. Labrou and Yannis D. Clonis -- Immobilized histidine ligand affinity chromatography / Oliver Pitiot and Mookambeswaran A. Vijayalakshmi -- Immobilized metal-ion affinity chromatography: from phenomenological hallmarks to structure-based molecular insights / Nadir T. Mrabet and Mookambeswaran A. Vijayalakshmi -- Thiophilic interaction chromatography / Sven Oscarsson and Francisco Batista Viera -- Miscellaneous methods in affinity chromatography: Part 1: Boronic acids as selective ligands for affinity chromatography / Xio-Chuan Liu and William H. Scouten -- Miscellaneous methods in affinity chromatography: Part 2: Shielded affinity chromatography in packed bed and expanded bed mode / Igor Yu. Galaev and Bo Mattiasson -- Glycobiology and biochromatography / Henri Debray, G&#xE9;rard Strecker and Jean Montreuil -- Capillary electrokinetic chromatography / Gargi Choudhary and Csaba Horv&#xE1;th -- Imprinted polymers as tailor-made stationary phases for affinity separation / Karsten Haupt, Peter A.G. Cormack and Klaus Mosbach -- Computer-aided simulation of biochromatography / Nicolas Voute -- Industrial biochromatography: engineering aspects / F.A.P. Garcia, D.M.F. Prazeres and J.M.S. Cabral -- Validation aspects in biochromatography / Charles Lutsch -- Biochromatography and biomedical applications / C. Legallais, Mookambeswaran A. Vijayalakshmi and Ph. Morini&#xE9;re.</subfield>
  </datafield>
  <datafield tag="650" ind1=" " ind2="0">
    <subfield code="a">Chromatographic analysis.</subfield>
    <subfield code="9">2556</subfield>
  </datafield>
  <datafield tag="650" ind1=" " ind2="0">
    <subfield code="a">Biotechnology.</subfield>
    <subfield code="9">2447</subfield>
  </datafield>
  <datafield tag="650" ind1=" " ind2="0">
    <subfield code="a">Biomolecules.</subfield>
    <subfield code="9">2557</subfield>
  </datafield>
  <datafield tag="650" ind1="1" ind2="2">
    <subfield code="a">Chromatography</subfield>
    <subfield code="x">methods.</subfield>
    <subfield code="9">2558</subfield>
  </datafield>
  <datafield tag="650" ind1="1" ind2="2">
    <subfield code="a">Proteins</subfield>
    <subfield code="x">isolation &amp; purification.</subfield>
    <subfield code="9">2559</subfield>
  </datafield>
  <datafield tag="650" ind1="2" ind2="2">
    <subfield code="a">Biotechnology</subfield>
    <subfield code="x">methods.</subfield>
    <subfield code="9">2560</subfield>
  </datafield>
  <datafield tag="650" ind1="2" ind2="2">
    <subfield code="a">Molecular Biology</subfield>
    <subfield code="x">methods.</subfield>
    <subfield code="9">2561</subfield>
  </datafield>
  <datafield tag="700" ind1="1" ind2=" ">
    <subfield code="a">Vijayalakshmi, M. A.</subfield>
    <subfield code="9">2562</subfield>
  </datafield>
  <datafield tag="856" ind1="4" ind2="2">
    <subfield code="3">Publisher description</subfield>
    <subfield code="u">http://www.loc.gov/catdir/enhancements/fy0646/2005279455-d.html</subfield>
  </datafield>
  <datafield tag="906" ind1=" " ind2=" ">
    <subfield code="a">7</subfield>
    <subfield code="b">cbc</subfield>
    <subfield code="c">copycat</subfield>
    <subfield code="d">2</subfield>
    <subfield code="e">ncip</subfield>
    <subfield code="f">20</subfield>
    <subfield code="g">y-gencatlg</subfield>
  </datafield>
  <datafield tag="942" ind1=" " ind2=" ">
    <subfield code="2">ddc</subfield>
    <subfield code="c">BK</subfield>
    <subfield code="k">IESE</subfield>
  </datafield>
  <datafield tag="952" ind1=" " ind2=" ">
    <subfield code="0">0</subfield>
    <subfield code="1">0</subfield>
    <subfield code="2">ddc</subfield>
    <subfield code="4">0</subfield>
    <subfield code="7">0</subfield>
    <subfield code="8">NFIC</subfield>
    <subfield code="a">IESE</subfield>
    <subfield code="b">IESE</subfield>
    <subfield code="c">GEN</subfield>
    <subfield code="d">2017-06-13</subfield>
    <subfield code="l">0</subfield>
    <subfield code="o">572.36 VIJ</subfield>
    <subfield code="p">IESE-1120</subfield>
    <subfield code="r">2017-06-13</subfield>
    <subfield code="w">2017-06-13</subfield>
    <subfield code="y">BK</subfield>
  </datafield>
</record>
